000 01249cam a2200157 4500500
005 20260208005810.0
041 _afre
042 _adc
100 1 0 _aRidderstad, Anton
_eauthor
245 0 0 _aHenry de Montherlant anticolonialiste
260 _c2005.
500 _a86
520 _aHenry de Montherlant, souvent présenté dans l’histoire littéraire comme réactionnaire et aristocratique, a pris conscience très tôt, et sur place en Afrique du Nord, des méfaits du colonialisme. La correspondance qu’il entretenait avec le commandant Paul Odinot, ouvertement hostile au colonialisme, montre qu’il y avait bien une intention anticolonialiste derrière le roman La Rose de sable, qui n’a pourtant été publié intégralement qu’en 1968. Dans d’autres textes des années 1920 et 1930 apparaît clairement l’intérêt de l’auteur pour la culture islamique, le dégoût devant le cynisme ou la naïveté des Français au Maghreb et l’attention portée à la situation sociale et linguistique.
786 0 _nRevue d'histoire littéraire de la France | 105 | 1 | 2005-02-01 | p. 139-160 | 0035-2411
856 4 1 _uhttps://shs.cairn.info/revue-d-histoire-litteraire-de-la-france-2005-1-page-139?lang=fr&redirect-ssocas=7080
999 _c1653843
_d1653843